000 00490nam a2200169 a 4500
001 000049236
005 20201002061747.0
008 190731s1978 dr 000 0 spa d
040 _aDO-SdBNP
_bspa
_cBNPHU
082 _axx
_bxx
100 1 _aLaguerre, Enrique A.
_920868
245 1 4 _aLos dedos de la mano /
_cEnrique A. Laguerre.
250 _a3a. ed.
260 _aRío Piedras, Puerto Rico :
_bEditorial Cultrua,
_c1978.
300 _a195 p. ;
_c23 cm.
590 _aInventariado, 2019/VM
999 _c48724
_d48724